000 00515nam a2200181Ia 4500
003 GCL
008 140319s9999 xx 000 0 eng d
040 _aGCL /
_cGCL
082 0 4 _a302
_bM I
100 1 _aSILVER, MAURY
245 1 0 _aTHE INDIVIDUAL IN A SOCIAL WORLD: ESSAYS AND EXPERIMENTS, 2ND ED /
_cSILVER, MAURY
700 1 _aMILGRAM, STANLEY
700 1 _aSABINI, JOHN
260 _a[S.N] :
_bMC GRAW - HILL ،
_c1992
300 _a345 P
650 0 4 _aالحضارة الفرعونية
942 _2ddc
_cBK
999 _c21001
_d21001